000 00523nam a2200181Ia 4500
005 20250508151933.0
008 008 250505s9999 xx 000 0 eng d
037 _aTextual
040 _aFEDL
_beng
_cFEDL
041 _aeng
_2eng
084 _a152.8, FRE
_qFEDL
100 _aFreeman Frank S.
245 0 _aTheory and practice of psychological testing
260 _aLondon, UK
_bSir Isaac Pitman and Sons Limited
_c1955
300 _axvi,609p.
942 _cTEXL
_h152.8, FRE
999 _c1333084
_d1333084